LEADER 01218nam a2200241 a 4500 001 991000759089707536 008 100604s2006 it 000 0 ita 035 $ab13907025-39ule_inst 040 $aDip.to Studi Storici$bita 110 2 $aComitato italiano per gli studi e le edizioni delle fonti normative $0473138 245 13$aLe comunità rurali e i loro statuti (secoli 12.-15.) :$b8. Convegno del Comitato italiano per gli studi e le edizioni delle fonti normative, Viterbo, 30 maggio-1 giugno 2002 /$catti a cura di Alfio Cortonesi e Federica Viola 260 $aRoma :$bGangemi,$cstampa 2006 300 $a2 v. ;$c24 cm. 440 0$aRivista storica del Lazio ;$v21-22 500 $aCorrisponde a: Rivista storica del Lazio, a. 13.-14., n. 21-22 (2005-2006) 700 1 $aCortonesi, Alfio$eauthor$4http://id.loc.gov/vocabulary/relators/aut$0133516 700 1 $aViola, Federica 907 $a.b13907025$b02-04-14$c04-06-10 912 $a991000759089707536 945 $aLE023 Per. 900 RSL$g1$lle023$o-$pE0.00$q-$rn$so $t18$u0$v0$w0$x0$y.i15139815$z04-06-10 996 $aComunità rurali e i loro statuti (secoli 12.-15.)$91440929 997 $aUNISALENTO 998 $ale023$b04-06-10$cm$da $e-$fita$git $h3$i0